Statistiques concernant Départements français les plus ensoleillés

Cliquez ici pour prendre le quiz!

Statistiques générales

  • Ce quiz a été pris 164 fois
  • Le résultat moyen est 8 sur 10

Statistiques - réponses

Heures d'ensoleillementDépartement% Correct
2904Alpes-Maritimes
96%
2776Var
95%
3010Bouches-du-Rhône
93%
2723Hérault
93%
2816Gard
91%
2584Pyrénées-Orientales
84%
2859Haute-Corse
76%
2997Corse-du-Sud
75%
2576Alpes-de-Haute-Provence
71%
2607Hautes-Alpes
66%

Distribution des résultats

Percentile par nombre de réponses

% des personnes avec chaque résultat

Votre développement - résultats

Vous n’avez pas pris ce quiz